LEADER 01858nam a2200349 u 4500 001 000000024768 003 CaOOAMICUS 005 20070226111404.0 008 950605s1932 it u000 u lat u 035 $a10630222 040 $aEFR$bita$dPUL(R) 041 0 $alat$aita 100 1 $aSenarega, Bartolomeo,$dm. 1514.$0(OLS)http://pul/name/20634 245 10$aBartholomaei Senaregae De rebus genuensibus commentaria ab anno MCDLXXXVIII usque ad annum MDXIV /$ca cura di Emilio Pandiani. 246 35$aRaccolta degli storici italiani dal cinquecento al millecinquecento 250 $aNuova ed. :$briveduta ampliata e corretta con la direzione di Giosue Carducci e Vittorio Fiorini. 260 $aBologna :$bN. Zanichelli,$c[1932] 300 $axliv, 258 p. ;$c33 cm 490 1 $aRerum Italicarum scriptores ;$vXXIV, 8 500 $aIndex: p. [181]-248. 500 $aOpera facsimilare della Raccolta "Rerum italicarum scriptores" di L. A. Muratori. 504 $aBibliographie en note. 700 1 $aPandiani, Emilio.$0(OLS)http://pul/name/7907 740 0 $aDe rebus genuensibus commentaria ab anno MCDLXXXVIII usque ad annum MDXIV. 830 0$aRerum Italicarum scriptores ;$vXXIV, 8.$0(OLS)http://pul/title/574 850 $aPUL 852 $aPUL$W1$xDP1 Filosofia 1$y19$m100.A$j313$nBK-PRI$b $qStampati$B34649$CPULBib$Z2$F34649 $H $81 941 1 $a8 996 $6245$aBartholomaei Senaregae De rebus genuensibus commentaria ab anno MCDLXXXVIII usque ad annum MDXIV$9(OLS)http://pul/title/34200 996 $6246$aRaccolta degli storici italiani dal cinquecento al millecinquecento$9(OLS)http://pul/title/381 996 $6740$aDe rebus genuensibus commentaria ab anno MCDLXXXVIII usque ad annum MDXIV$9(OLS)http://pul/title/34202 996 $6260$aBologna :$bN. Zanichelli$9(OLS)http://pul/publisher/47939 LEADER 00847nam a2200217 u 4500 001 000000081113 003 CaOOAMICUS 005 20070226123724.0 008 050315s1936 it u000 u ita u 035 $a11034102 040 $aPUL(R)$bita 245 02$aL'anima della cooperazione missionaria. 260 $aRoma :$bUnione missionaria del clero in Italia,$c[1936] 300 $a63 p. ;$c25 cm 500 $aIn testa al front.: Omnis Terra adoret Te!. 650 4$aMissioni cattoliche.$0(OLS)http://pul/subject/7697 850 $aPUL 852 $aPUL$W1$xDP1 Fondo Cecchetti$y53$m260 V 110$j103520$nBK-PRI$b $qFondi$B103520$CPULBib$Z2$F103520 $82 941 1 $a1 996 $6245$aL'anima della cooperazione missionaria$9(OLS)http://pul/title/106128 996 $6260$aRoma :$bUnione missionaria del clero in Italia$9(OLS)http://pul/publisher/75954